000 00840cam a2200229 a 4500
001 3906042
005 20180209040218.0
008 910703s1992 moua 001 0 eng
010 _a 91025040
020 _a0801690358
040 _aDLC
_cDLC
_dDLC
041 _aeng
080 _a797.23 jep
082 0 0 _a797.23 jep
_220
100 _a9
101 _amje
245 0 0 _aJeppesen's open water sport diver manual /
_cRichard A. Clinchy III, editor ; Glen Egstrom, associate editor ; Lou Fead, associate editor ; illustrations and artwork by Alan Thompson ; photography by Richard and Nancy Clinchy.
740 0 _aOpen water sport diver manual.
906 _a7
_bcbc
_corignew
_d1
_eocip
_f19
_gy-gencatlg
942 _2ddc
_cBK
999 _c42224
_d42224